000 00974nam a2200277Ia 4500
003 OSt
005 20221005105712.0
006 a|||||r|||| 00| 0
007 ta
008 221004b |||||||| |||| 00| 0 hin d
020 _a9789386871251 (hbk)
_cINR 500.00
024 _a66397
037 _bGV728, 11/03/2020, Vani Prakashan
_cTextual
040 _aCRL
_cCRL
_bhin
041 _2hin
_ahin
082 _aO152,3N47,LP, Q8
100 _aभट्ट, ध्रुव, ले.
245 0 _aलवली पान हाउस
246 _aLavalī pān hāusa
260 _aनई दिल्ली
_bविद्या विहार भारत
_c2018
300 _a255पृ0
_ccm.
650 _a हिन्दी साहित्य
650 _aहिन्दी कहानी
942 _hO152,3N47,LP, Q8
_cTEXL
_2cc
999 _c1016624
_d1016624